[Event "Open Est 2016-2017"]
[Site "Aubagne"]
[Date "2017.03.04"]
[Round "7.21"]
[White "Rieu, Jean"]
[Black "Strate, Francois"]
[Result "0-1"]
[WhiteElo "1294"]
[BlackElo "1323"]
[PlyCount "64"]
[EventDate "2016.??.??"]
[WhiteTeam "U.S.C.M."]
[BlackTeam "Sanary Echecs"]

1. Nf3 Nf6 2. d4 g6 3. Nc3 Bg7 4. Bg5 d6 5. e3 Bf5 6. Bxf6 Bxf6 7. Be2 O-O 8.
O-O c6 9. Re1 a5 10. Qd2 b5 11. d5 Qb6 12. dxc6 Bxc3 13. bxc3 Nxc6 14. Rab1 b4
15. Nd4 Nxd4 16. exd4 Rfc8 17. cxb4 Rxc2 18. Qe3 Rxa2 19. Bc4 Bxb1 20. Bxf7+
Kg7 21. Bxa2 Bxa2 22. Qxe7+ Bf7 23. Re4 Re8 24. Qh4 Rxe4 25. Qxe4 Qxb4 26. h3
a4 27. h4 a3 28. h5 gxh5 29. Qf5 Qd2 30. Qf3 a2 31. Qg3+ Bg6 32. Qa3 Qd1+ 0-1

[Event "Open Est 2016-2017"]
[Site "Aubagne"]
[Date "2017.03.04"]
[Round "7.22"]
[White "Fortoul, Alain"]
[Black "Frontera, Pierre"]
[Result "1-0"]
[WhiteElo "1220"]
[BlackElo "1305"]
[PlyCount "115"]
[EventDate "2016.??.??"]
[WhiteTeam "Club d'Echecs Pennois (CEP)"]
[BlackTeam "Cercle d'Echecs Aubagnais"]

1. e4 c5 2. Nc3 e5 3. d3 Nc6 4. Nd5 h6 5. Nf3 d6 6. h3 Nf6 7. Nxf6+ Qxf6 8. c3
Qd8 9. Be2 Be7 10. O-O Bd7 11. d4 cxd4 12. cxd4 a6 13. Bc4 Rc8 14. Qb3 O-O 15.
Qd1 Na7 16. Bd5 Rc7 17. dxe5 Nc6 18. exd6 Bxd6 19. Be3 Rc8 20. Qd2 Ne5 21. Nxe5
Bxe5 22. f4 Bd6 23. Bxb7 Rb8 24. Bxa6 Bb4 25. Qf2 Qe7 26. Bd3 Bb5 27. Bxb5 Rxb5
28. a3 Bc5 29. b4 Bxe3 30. Qxe3 f5 31. e5 Qe6 32. Rfd1 Rb6 33. Qe1 Qc4 34. Qe3
Qb5 35. Qd3 Qc6 36. Qd5+ Qxd5 37. Rxd5 Kh7 38. Rd6 Rb7 39. Re1 Re7 40. b5 h5
41. h4 Rff7 42. a4 Rf8 43. Ra1 Rc7 44. Ra2 Rc4 45. g3 Rc3 46. Kg2 Rc5 47. Rc6
Rd5 48. b6 Ra5 49. e6 Rf6 50. b7 Rf8 51. Rc8 Rxc8 52. bxc8=Q Ra7 53. Qd8 Rb7
54. e7 Rxe7 55. Qxe7 Kh6 56. Rb2 Kh7 57. Rb7 Kh6 58. Qxg7# 1-0

[Event "Open Est 2016-2017"]
[Site "Aubagne"]
[Date "2017.03.04"]
[Round "7.23"]
[White "Cescon, Angelo"]
[Black "Soulet, Kylian"]
[Result "1-0"]
[WhiteElo "1300"]
[BlackElo "1173"]
[PlyCount "61"]
[EventDate "2016.??.??"]
[WhiteTeam "Club d'Echecs Pennois (CEP)"]
[BlackTeam "Cassis Echecs"]

1. e4 c6 2. d4 d5 3. Bd3 dxe4 4. Bxe4 Nd7 5. Nf3 f5 6. Bxf5 Qa5+ 7. Bd2 Qxf5 8.
O-O Ngf6 9. Nc3 e6 10. Bg5 h6 11. Bxf6 gxf6 12. g3 Qh3 13. Ne4 f5 14. Ned2 f4
15. Ne4 fxg3 16. fxg3 Be7 17. Ne5 Nxe5 18. dxe5 Bd7 19. Nd6+ Bxd6 20. Qxd6
O-O-O 21. Rf7 Qh5 22. Raf1 Qe2 23. R1f2 Qe1+ 24. Kg2 Qe4+ 25. Kh3 b6 26. b4 Qc4
27. a3 c5 28. Rxd7 Rxd7 29. Qc6+ Rc7 30. Qa8+ Kd7 31. Rf7# 1-0

[Event "Open Est 2016-2017"]
[Site "Aubagne"]
[Date "2017.03.04"]
[Round "7.25"]
[White "Labriaud, Gilles"]
[Black "Guidini, Rene"]
[Result "0-1"]
[WhiteElo "1461"]
[BlackElo "1313"]
[PlyCount "114"]
[EventDate "2016.??.??"]
[WhiteTeam "La Ciotat Echecs (LCE)"]
[BlackTeam "Cercle d'Echecs Aubagnais"]

1. c4 Nf6 2. Nc3 c6 3. d3 g6 4. Nf3 Bg7 5. g3 O-O 6. Bg2 d5 7. cxd5 cxd5 8. O-O
Be6 9. Bd2 Nbd7 10. b4 Rc8 11. a3 Ne4 12. dxe4 Bxc3 13. Bxc3 Rxc3 14. exd5 Bf5
15. Qd2 Rc2 16. Qe3 b6 17. Nd4 Rc8 18. Rfc1 e5 19. Rxc8 Qxc8 20. Rc1 exd4 21.
Rxc8 dxe3 22. Rxf8+ Kxf8 23. fxe3 Nf6 24. h3 Ne4 25. g4 Bxg4 26. hxg4 Nd2 27.
e4 Ke7 28. Kf2 Kd6 29. a4 g5 30. Ke3 Nc4+ 31. Kd4 Ne5 32. Bh3 f6 33. e3 h6 34.
Kc3 Ng6 35. Kc4 a6 36. Kd4 Ne5 37. Kc3 Nf3 38. Bf1 a5 39. bxa5 bxa5 40. Kc4
Nd2+ 41. Kb5 Nxf1 42. Kxa5 Ng3 43. Kb6 Kd7 44. a5 Nxe4 45. Kb5 Nd6+ 46. Kc5 Kc7
47. Kd4 Nf7 48. Kc5 h5 49. gxh5 g4 50. a6 g3 51. a7 Kb7 52. d6 g2 53. Kd5 Nd8
54. d7 g1=Q 55. Kd6 Qh2+ 56. Ke7 Nc6+ 57. Kxf6 Qh4+ 0-1

[Event "Open Est 2016-2017"]
[Site "Aubagne"]
[Date "2017.03.04"]
[Round "7.26"]
[White "Timoner, Genevieve"]
[Black "Cotton, Paul"]
[Result "0-1"]
[WhiteElo "1115"]
[BlackElo "1391"]
[PlyCount "64"]
[EventDate "2016.??.??"]
[WhiteTeam "Club d'Echecs Pennois (CEP)"]
[BlackTeam "Cercle d'Echecs Aubagnais"]

1. c4 Nf6 2. Nc3 g6 3. d4 Bg7 4. g3 d6 5. Bg2 O-O 6. h3 Nbd7 7. e4 Rb8 8. Nge2
b6 9. Bf4 Bb7 10. O-O c5 11. d5 a6 12. Qd2 Re8 13. Rab1 Bc8 14. Be3 Ne5 15. f4
Nxc4 16. Qd3 Nxe3 17. Qxe3 b5 18. Rbc1 b4 19. e5 dxe5 20. Na4 Nxd5 21. Qxc5 Rb5
22. Qa7 exf4 23. Nxf4 Nxf4 24. Rxf4 Bh6 25. Re4 Bxc1 26. Rc4 Bh6 27. Bc6 Qd1+
28. Kg2 Qe2+ 29. Qf2 Bxh3+ 30. Kg1 Be3 31. Re4 Qxf2+ 32. Kh1 Qg2# 0-1

[Event "Open Est 2016-2017"]
[Site "Aubagne"]
[Date "2017.03.04"]
[Round "7.27"]
[White "Masson, Wally"]
[Black "Reynaud, Jacques"]
[Result "0-1"]
[WhiteElo "1191"]
[BlackElo "1390"]
[PlyCount "62"]
[EventDate "2016.??.??"]
[WhiteTeam "Cercle d'Echecs Aubagnais"]
[BlackTeam "Cercle d'Echecs Aubagnais"]

1. f4 d5 2. Nf3 Bg4 3. e3 Nf6 4. Nc3 e6 5. b3 c5 6. Bb5+ Nc6 7. Bxc6+ bxc6 8.
O-O Be7 9. h3 Bh5 10. Qe1 d4 11. Ne2 d3 12. cxd3 Qxd3 13. g4 Bg6 14. Ne5 Qd6
15. Nxg6 hxg6 16. Qg3 Ne4 17. Qh2 O-O-O 18. d4 Rh4 19. Ba3 Rdh8 20. Rf3 Qd5 21.
Ng3 Rxh3 22. Qe2 Nxg3 23. Qg2 Rh1+ 24. Kf2 Rxa1 25. Qxg3 Bh4 26. Qxh4 Rxh4 27.
Bxc5 Rxa2+ 28. Kg3 Rh3+ 29. Kxh3 Qxf3+ 30. Kh4 f6 31. g5 Rh2# 0-1

[Event "Open Est 2016-2017"]
[Site "Aubagne"]
[Date "2017.03.04"]
[Round "7.28"]
[White "Benezra, Silke"]
[Black "Turpin, Isabelle"]
[Result "1-0"]
[WhiteElo "1353"]
[BlackElo "1189"]
[PlyCount "49"]
[EventDate "2016.??.??"]
[WhiteTeam "L'Echiquier du Roy René"]
[BlackTeam "Cercle d'Echecs Aubagnais"]

1. e4 Nc6 2. Nf3 e6 3. Nc3 a6 4. b3 d6 5. Bb2 Bd7 6. d4 Qe7 7. Be2 Nh6 8. d5
Ne5 9. Nxe5 dxe5 10. O-O O-O-O 11. Qe1 exd5 12. Nxd5 Qg5 13. Qc3 Bd6 14. Ba3
Bc6 15. Bxd6 Rxd6 16. Rad1 f5 17. Nb6+ Kb8 18. Rxd6 cxd6 19. f3 Ka7 20. Nc4
fxe4 21. Nxd6 exf3 22. Bxf3 Rd8 23. Bxc6 bxc6 24. Qc5+ Kb8 25. Qb6+ 1-0

[Event "Open Est 2016-2017"]
[Site "Aubagne"]
[Date "2017.03.04"]
[Round "7.29"]
[White "Coppel, Victor"]
[Black "Burnel, Marie-France"]
[Result "1-0"]
[WhiteElo "1150"]
[BlackElo "1399"]
[PlyCount "23"]
[EventDate "2016.??.??"]
[WhiteTeam "L'Echiquier du Roy René"]
[BlackTeam "Cercle d'Echecs Aubagnais"]

1. e4 e5 2. Nf3 Nc6 3. Bc4 h6 4. d3 Nf6 5. Be3 b6 6. Nc3 Bb7 7. O-O Ng4 8. h3
Nxe3 9. fxe3 Na5 10. Nd2 Bc5 11. Qf3 f6 12. Qh5+ 1-0

[Event "Open Est 2016-2017"]
[Site "Aubagne"]
[Date "2017.03.04"]
[Round "7.31"]
[White "Naam, Mourad"]
[Black "Naam, Shedy"]
[Result "0-1"]
[WhiteElo "1399"]
[BlackElo "1150"]
[PlyCount "78"]
[EventDate "2016.??.??"]
[WhiteTeam "Cassis Echecs"]
[BlackTeam "Cassis Echecs"]

1. e4 e5 2. Nf3 Nf6 3. Nc3 Nc6 4. Bc4 Bb4 5. a3 Bxc3 6. dxc3 O-O 7. O-O d6 8.
Bg5 h6 9. Be3 Na5 10. b4 Nxc4 11. Qd3 Nxe3 12. Qxe3 Ng4 13. Qd2 Nf6 14. c4 Nxe4
15. Qe3 Ng5 16. Nxg5 Qxg5 17. Qe2 Bf5 18. Rad1 c6 19. h3 Bg6 20. Rd3 Bxd3 21.
cxd3 d5 22. cxd5 cxd5 23. Rc1 Rac8 24. Rxc8 Rxc8 25. g3 Rc1+ 26. Kg2 Qf5 27. f4
e4 28. dxe4 Qxe4+ 29. Qxe4 dxe4 30. a4 Rc2+ 31. Kf1 Kf8 32. Ke1 Ke7 33. Kd1 Rh2
34. b5 Kd6 35. a5 a6 36. f5 Kd5 37. g4 Kd4 38. h4 Kd3 39. h5 Rh1# 0-1

[Event "Open Est 2016-2017"]
[Site "Aubagne"]
[Date "2017.03.04"]
[Round "7.32"]
[White "Tramarin, Matteo"]
[Black "Vidal, Jean-Pierre"]
[Result "1/2-1/2"]
[WhiteElo "1145"]
[BlackElo "1324"]
[PlyCount "79"]
[EventDate "2016.??.??"]
[WhiteTeam "Cercle d'Echecs Aubagnais"]
[BlackTeam "Club d'Echecs Pennois (CEP)"]

1. Nf3 c5 2. c4 Nf6 3. Nc3 g6 4. b3 Nc6 5. Bb2 Bg7 6. g3 d6 7. Bg2 O-O 8. O-O
Be6 9. a3 a6 10. d3 Rb8 11. a4 Bd7 12. d4 b6 13. e3 Qc8 14. Nd5 Bh3 15. a5 Nxd5
16. cxd5 Nb4 17. e4 c4 18. Ng5 Bxg2 19. Kxg2 c3 20. Ba3 c2 21. Qd2 bxa5 22.
Rfc1 Bh6 23. Bxb4 Bxg5 24. Qxg5 axb4 25. Qxe7 Qc3 26. Qxd6 Qd3 27. Qe5 Qxb3 28.
Rxa6 Qb2 29. Qf4 b3 30. Qd2 Rfc8 31. Raa1 Ra8 32. Rxa8 Rxa8 33. e5 Ra4 34. Qg5
Qxd4 35. Qd8+ Kg7 36. Qf6+ Kf8 37. Qh8+ Ke7 38. Qf6+ Kf8 39. Qh8+ Ke7 40. Qf6+
1/2-1/2

[Event "Open Est 2016-2017"]
[Site "Aubagne"]
[Date "2017.03.04"]
[Round "7.33"]
[White "Piquemal, Jean Christophe"]
[Black "Catanese, Sauveur"]
[Result "1/2-1/2"]
[WhiteElo "1272"]
[BlackElo "1120"]
[PlyCount "60"]
[EventDate "2016.??.??"]
[WhiteTeam "Marseille Echecs"]
[BlackTeam "Cercle d'Echecs Aubagnais"]

1. e4 e5 2. Nf3 Nf6 3. Nc3 Nc6 4. a3 a6 5. Bc4 b5 6. Bb3 g6 7. O-O Bg7 8. d3
O-O 9. Re1 d6 10. h3 Re8 11. Be3 Be6 12. Nd5 Nxd5 13. exd5 Nd4 14. Nxd4 exd4
15. Bd2 Bd7 16. Qc1 Rxe1+ 17. Qxe1 Qf8 18. Qc1 Rc8 19. a4 bxa4 20. Bxa4 Bb5 21.
Bxb5 axb5 22. Ra6 Qe8 23. f4 f5 24. Rc6 Qd8 25. Qa1 Ra8 26. Ra6 Rc8 27. g4 fxg4
28. hxg4 Qf8 29. Qe1 Re8 30. Qa1 Rc8 1/2-1/2

[Event "Open Est 2016-2017"]
[Site "Aubagne"]
[Date "2017.03.04"]
[Round "7.34"]
[White "Periale, Francine"]
[Black "Dektiannikov, Artiom"]
[Result "1-0"]
[WhiteElo "1106"]
[BlackElo "1199"]
[PlyCount "111"]
[EventDate "2016.??.??"]
[WhiteTeam "Cercle d'Echecs Aubagnais"]
[BlackTeam "Cassis Echecs"]

1. d4 Nc6 2. Nf3 d6 3. e3 e5 4. d5 Nce7 5. Nc3 Nf6 6. h3 e4 7. Nd2 c6 8. Ndxe4
Nxe4 9. Nxe4 cxd5 10. Nc3 Be6 11. Bd3 g6 12. O-O Bg7 13. Re1 d4 14. Ne4 dxe3
15. Rxe3 Nd5 16. Rg3 f5 17. Ng5 Qe7 18. Qe1 Be5 19. Rf3 O-O-O 20. a4 h6 21.
Nxe6 Qxe6 22. Ra3 g5 23. Bxf5 Qxf5 24. Rxf5 Rhe8 25. c4 Nf4 26. Re3 Ng6 27. c5
Kc7 28. cxd6+ Kxd6 29. Rd3+ Ke6 30. Rdf3 Rd5 31. Rf6+ Kd7 32. Rf7+ Kc8 33. R3f6
Bh2+ 34. Kf1 Rxe1+ 35. Kxe1 Ne5 36. Rf8+ Kd7 37. Rxh6 Nd3+ 38. Kd1 Nxf2+ 39.
Ke2 Bg1 40. Rh7+ Kc6 41. Rf6+ Kc5 42. Be3+ Kb4 43. Bd2+ Kxa4 44. Bxg5 Ne4 45.
Rh4 Rd2+ 46. Bxd2 Kb3 47. Rxe4 b5 48. Bc1 Kc2 49. Rc6+ Kb3 50. h4 Bb6 51. Be3
Bxe3 52. Rxe3+ Kxb2 53. h5 a5 54. Kd2 a4 55. Rc2+ Kb1 56. Re1# 1-0

[Event "Open Est 2016-2017"]
[Site "Aubagne"]
[Date "2017.03.04"]
[Round "7.35"]
[White "Soulet, Julia"]
[Black "Cayrou, Fabien"]
[Result "0-1"]
[WhiteElo "1196"]
[BlackElo "1070"]
[PlyCount "98"]
[EventDate "2016.??.??"]
[WhiteTeam "Cassis Echecs"]
[BlackTeam "Cassis Echecs"]

1. d4 d5 2. Nf3 Nc6 3. Bf4 Bf5 4. e3 Nf6 5. Bd3 Ne4 6. O-O e6 7. c4 Nb4 8. Bxe4
Bxe4 9. Nbd2 Bd3 10. Re1 Nc2 11. Ne5 Nxe1 12. Nxd3 Nxd3 13. Bg3 Bd6 14. Qg4 g6
15. c5 Bxg3 16. Qxg3 Qf6 17. Nf3 O-O 18. Qxc7 Rab8 19. b3 b6 20. Rd1 Nb2 21.
Rd2 bxc5 22. Rxb2 cxd4 23. Nxd4 e5 24. Nc6 Rbc8 25. Qa5 Qxc6 26. Qe1 Qc1 27.
Re2 d4 28. exd4 exd4 29. g3 Qxe1+ 30. Rxe1 Rfe8 31. Rd1 Rcd8 32. Rd3 f5 33. Kg2
Kf7 34. a4 Ke6 35. Kf3 Ke5 36. Ke2 Kd5+ 37. Kd2 Kc5 38. Kc2 Kb4 39. Rd1 Re2+
40. Kd3 Rxf2 41. h3 Rf3+ 42. Kc2 Rxg3 43. h4 Rc8+ 44. Kb2 Rxb3+ 45. Ka1 d3 46.
Rf1 Ka3 47. h5 d2 48. hxg6 Rc1+ 49. Rxc1 dxc1=Q# 0-1

[Event "Open Est 2016-2017"]
[Site "Aubagne"]
[Date "2017.03.04"]
[Round "7.36"]
[White "Pegon, Claude"]
[Black "Ralijaona, Emma"]
[Result "0-1"]
[WhiteElo "1094"]
[BlackElo "1160"]
[PlyCount "48"]
[EventDate "2016.??.??"]
[WhiteTeam "La Ciotat Echecs (LCE)"]
[BlackTeam "Marseille Passion Echecs"]

1. f4 f5 2. Nf3 Nf6 3. e3 c5 4. Be2 Nc6 5. Nc3 e6 6. b3 Be7 7. O-O d6 8. Bb2
Bd7 9. Qe1 O-O 10. h3 a6 11. g4 fxg4 12. hxg4 Nxg4 13. Nh2 Bh4 14. Qd1 Bf2+ 15.
Rxf2 Nxf2 16. Kxf2 Qh4+ 17. Kg1 Qg3+ 18. Kh1 Rf6 19. Ne4 Qh3 20. Bxf6 gxf6 21.
Nxf6+ Kf7 22. Nxd7 Rg8 23. Bh5+ Ke7 24. Nb6 Qg2# 0-1

[Event "Open Est 2016-2017"]
[Site "Aubagne"]
[Date "2017.03.04"]
[Round "7.37"]
[White "Denis, Karine"]
[Black "Belaid, Myriam"]
[Result "1-0"]
[WhiteElo "1183"]
[BlackElo "1040"]
[PlyCount "75"]
[EventDate "2016.??.??"]
[WhiteTeam "Marseille Passion Echecs"]
[BlackTeam "Club Provence Echecs"]

1. d4 g6 2. Nf3 d6 3. Bf4 Bg7 4. e3 Nd7 5. c3 e6 6. Bd3 Ne7 7. Qc2 O-O 8. Nbd2
b6 9. O-O-O Bb7 10. Rde1 c6 11. Bxd6 Rc8 12. Bxe7 Qxe7 13. h4 c5 14. Be4 Ba6
15. Qa4 Nb8 16. Ne5 b5 17. Qd1 Rfd8 18. h5 cxd4 19. hxg6 f6 20. gxh7+ Kf8 21.
Ng6+ Ke8 22. Nxe7 Kxe7 23. Qg4 f5 24. Qxg7+ Kd6 25. Qxd4+ Kc7 26. Qe5+ Rd6 27.
h8=Q Rxh8 28. Qg7+ Rd7 29. Qxh8 Kd6 30. Qxb8+ Ke7 31. Rh7+ Kf6 32. Qf8+ Ke5 33.
Nf3+ Kxe4 34. Rh4+ Kd3 35. Rd1+ Ke2 36. Rxd7 Kxf2 37. Rd2+ Kg3 38. Qg8# 1-0

[Event "Open Est 2016-2017"]
[Site "Aubagne"]
[Date "2017.03.04"]
[Round "7.38"]
[White "Feron, Anne-Marie"]
[Black "Pignol, Jeanne"]
[Result "1-0"]
[WhiteElo "1399"]
[BlackElo "1399"]
[PlyCount "89"]
[EventDate "2016.??.??"]
[WhiteTeam "Club d'Echecs Pennois (CEP)"]
[BlackTeam "Club d'Echecs Pennois (CEP)"]

1. c4 e5 2. Nc3 d6 3. g3 Be7 4. Bg2 Nf6 5. e3 O-O 6. Nge2 Bg4 7. O-O Nc6 8. a3
Qd7 9. f3 Bh3 10. d4 Bxg2 11. Kxg2 Nh5 12. d5 Nd8 13. f4 Bf6 14. Ne4 Qe7 15.
fxe5 Bxe5 16. Rb1 f5 17. N4c3 Qg5 18. e4 Qg6 19. Be3 Nf7 20. exf5 Qg4 21. b3
Rac8 22. Qd2 c6 23. h3 Qxe2+ 24. Nxe2 Rfe8 25. g4 Nf6 26. Bxa7 Ne4 27. Qd3 Neg5
28. Be3 h6 29. Bxg5 Nxg5 30. dxc6 bxc6 31. Ng3 Bf6 32. Rbe1 Re5 33. Qxd6 Rd8
34. Qxc6 Rd2+ 35. Re2 Rdxe2+ 36. Nxe2 Rxe2+ 37. Rf2 Re3 38. Qd5+ Nf7 39. Qd2
Re8 40. c5 Bh4 41. Re2 Rf8 42. c6 Bg5 43. Qc2 Bf4 44. c7 Ng5 45. c8=Q 1-0

[Event "Open Est 2016-2017"]
[Site "Aubagne"]
[Date "2017.03.04"]
[Round "7.39"]
[White "Pentcheff, Julie"]
[Black "Gianfranceschi, Gerard"]
[Result "1-0"]
[WhiteElo "1090"]
[BlackElo "1040"]
[PlyCount "63"]
[EventDate "2016.??.??"]
[WhiteTeam "Cassis Echecs"]
[BlackTeam "Cercle d'Echecs Aubagnais"]

1. d4 d5 2. Bg5 f6 3. Bh4 g5 4. Bg3 Nc6 5. e3 e5 6. Be2 g4 7. h3 f5 8. Bb5 Nge7
9. Bxe5 Bg7 10. Bxg7 Rg8 11. Be5 a6 12. Bxc6+ bxc6 13. hxg4 Rxg4 14. Qf3 Re4
15. Rxh7 Rxe5 16. Rh8+ Ng8 17. Rxg8+ Ke7 18. Rxd8 Kxd8 19. dxe5 Be6 20. e4 dxe4
21. Qh5 Kd7 22. Nc3 Rb8 23. Rd1+ Ke7 24. b3 Bf7 25. Qg5+ Kf8 26. Qf6 Ke8 27.
Qh8+ Ke7 28. Qxb8 Be8 29. Qxc7+ Bd7 30. Qxd7+ Kf8 31. Qc7 Kg8 32. Rd8# 1-0

[Event "Open Est 2016-2017"]
[Site "Aubagne"]
[Date "2017.10.04"]
[Round "7.40"]
[White "De Laurentis, Pierre"]
[Black "Denis, Aurele"]
[Result "1-0"]
[WhiteElo "1399"]
[BlackElo "1010"]
[PlyCount "75"]
[EventDate "2016.??.??"]
[WhiteTeam "Cassis Echecs"]
[BlackTeam "Marseille Passion Echecs"]

1. f4 d5 2. Nf3 g6 3. e3 Bg7 4. Be2 Nc6 5. O-O Bg4 6. h3 Bxf3 7. Bxf3 Nf6 8. c3
O-O 9. d4 Ne4 10. Bg4 f5 11. Be2 Qd6 12. b3 Qf6 13. Ba3 Qh4 14. Qe1 Ng3 15. Bf3
g5 16. Bxd5+ Kh8 17. Nd2 Rf6 18. Nf3 Qh5 19. Qxg3 gxf4 20. Qf2 h6 21. Ne5 Nxe5
22. dxe5 Rg6 23. Bxe7 Re8 24. Bc5 Rg5 25. Qe1 Rg6 26. Bf3 Qg5 27. Rf2 Rxe5 28.
Rd1 Re8 29. Rd7 Rd8 30. Rxc7 Bxc3 31. Qxc3+ Kg8 32. Qc4+ Kh8 33. Bd4+ Rg7 34.
Rxb7 Rdg8 35. Kf1 Qh4 36. Qxg8+ Kxg8 37. Rc2 Qg3 38. Rc8+ 1-0

[Event "Open Est 2016-2017"]
[Site "Aubagne"]
[Date "2017.03.25"]
[Round "8.1"]
[White "Lapusan, Razvan"]
[Black "Gutman, Leni"]
[Result "1-0"]
[WhiteElo "1626"]
[BlackElo "1514"]
[PlyCount "103"]
[EventDate "2016.??.??"]
[WhiteTeam "Cercle d'Echecs Aubagnais"]
[BlackTeam "Marseille Echecs"]

1. e4 e6 2. d4 d5 3. exd5 exd5 4. c4 Nf6 5. Nc3 c6 6. Bd3 dxc4 7. Bxc4 b5 8.
Bb3 Nbd7 9. Qf3 Qb6 10. Nge2 Bb7 11. Bg5 h6 12. Bh4 Be7 13. Bg3 O-O 14. O-O
Rad8 15. Rad1 a6 16. Rfe1 Rfe8 17. Nf4 Nf8 18. Nh5 N8h7 19. Be5 Rf8 20. Nxg7
Kxg7 21. Qg3+ Kh8 22. Bc7 Bd6 23. Bxb6 Bxg3 24. Bxd8 Rxd8 25. hxg3 Rd7 26. f3
Kg7 27. Ne4 Nxe4 28. fxe4 Ng5 29. d5 cxd5 30. Bxd5 Bxd5 31. exd5 Nh7 32. d6 Kf8
33. Re3 Nf6 34. Ra3 Ra7 35. Rc3 Rd7 36. Rc7 Ke8 37. Re1+ Kd8 38. Rxd7+ Kxd7 39.
Re7+ Kxd6 40. Rxf7 Ne4 41. Ra7 Nc5 42. Rh7 Kc6 43. Rxh6+ Kb7 44. g4 Ne4 45. Rg6
a5 46. g5 a4 47. Rg8 Kb6 48. g6 Nf6 49. Rf8 Nh5 50. g4 Ng7 51. Rf7 Ne8 52. g7
1-0

[Event "Open Est 2016-2017"]
[Site "?"]
[Date "????.??.??"]
[Round "8.2"]
[White "Favarel-Lubigt, Hélina"]
[Black "Pelopidas, Florian"]
[Result "0-1"]
[WhiteElo "1523"]
[BlackElo "1700"]
[PlyCount "72"]

1. d4 Nf6 2. c4 g6 3. Nc3 d5 4. cxd5 Nxd5 5. e4 Nxc3 6. bxc3 Bg7 7. Bc4 c5 8.
Ne2 O-O 9. Be3 Nc6 10. Rc1 cxd4 11. cxd4 Qa5+ 12. Kf1 Qa3 13. h4 Bg4 14. Qd2
Bxe2+ 15. Kxe2 h5 16. Bb5 Qd6 17. e5 Qd7 18. Ba4 Rfd8 19. Rc4 b5 20. Bxb5 Nxd4+
21. Bxd4 Qxb5 22. Qc3 Rac8 23. Rc1 Bxe5 24. Bxe5 Rxc4 25. Qxc4 Qxe5+ 26. Kf1
Rd2 27. g3 Qb2 28. Qc5 Qxa2 29. Qc8+ Kh7 30. Qc5 Qa6+ 31. Kg1 Qb6 32. Qxb6 axb6
33. Rc7 Re2 34. Rb7 Re6 35. Kg2 Kg7 36. f4 Kf6 0-1

[Event "Open Est 2016-2017"]
[Site "Aubagne"]
[Date "2017.03.24"]
[Round "8.3"]
[White "Benezra, David"]
[Black "Bertrand, Frederic"]
[Result "1-0"]
[WhiteElo "1403"]
[BlackElo "1542"]
[PlyCount "22"]
[EventDate "2016.??.??"]
[WhiteTeam "L'Echiquier du Roy René"]
[BlackTeam "Cercle d'Echecs Aubagnais"]

1. d4 Nf6 2. Nf3 g6 3. Nc3 d5 4. Bf4 e6 5. e3 Bg7 6. Be2 O-O 7. Ne5 Nh5 8. Bxh5
gxh5 9. Qxh5 Nd7 10. Ng4 Nf6 11. Nh6+ Bxh6 1-0

[Event "Open Est 2016-2017"]
[Site "Aubagne"]
[Date "2017.03.25"]
[Round "8.4"]
[White "Desjardins, Rene"]
[Black "Denis, Vincent"]
[Result "0-1"]
[WhiteElo "1392"]
[BlackElo "1811"]
[PlyCount "86"]
[EventDate "2016.??.??"]
[WhiteTeam "Club d'Echecs Pennois (CEP)"]
[BlackTeam "Marseille Passion Echecs"]

1. d4 Nf6 2. Nf3 g6 3. Nc3 d5 4. Bf4 a6 5. g3 Bg7 6. Bg2 O-O 7. Qd2 Nbd7 8. Bh6
c5 9. Bxg7 Kxg7 10. e3 e6 11. O-O Qc7 12. Ne2 b5 13. c3 Bb7 14. a3 Rad8 15. b4
c4 16. a4 Nb6 17. axb5 axb5 18. Ne5 Na4 19. h4 Ne4 20. Bxe4 dxe4 21. Kg2 Qxe5
22. dxe5 Rxd2 23. Nf4 Rfd8 24. h5 g5 25. h6+ Kh8 26. Nh5 R8d5 27. Nf6 Rxe5 28.
Rad1 Rd3 29. Rxd3 exd3+ 30. e4 Bxe4+ 31. Nxe4 Rxe4 32. Kf3 f5 33. g4 Rf4+ 34.
Ke3 Nxc3 35. gxf5 exf5 36. Ra1 Na4 37. f3 Rh4 38. Rg1 g4 39. fxg4 Rxg4 40. Rf1
Re4+ 41. Kd2 Re2+ 42. Kc1 Rc2+ 43. Kb1 Nc3+ 0-1

[Event "Open Est 2016-2017"]
[Site "Aubagne"]
[Date "2017.03.25"]
[Round "8.5"]
[White "Roger, Patrick"]
[Black "Hunault, Francis"]
[Result "1-0"]
[WhiteElo "1668"]
[BlackElo "1476"]
[PlyCount "121"]
[EventDate "2016.??.??"]
[WhiteTeam "Club Provence Echecs"]
[BlackTeam "Cercle d'Echecs Aubagnais"]

1. e4 c5 2. Nc3 d6 3. g3 Nf6 4. Bg2 Nc6 5. d3 a6 6. Nge2 Bg4 7. f3 Bd7 8. Be3
e5 9. O-O Be7 10. Qd2 Nd4 11. Nd5 Nxd5 12. exd5 O-O 13. c3 Nxe2+ 14. Qxe2 Bg5
15. f4 exf4 16. Bxf4 Bxf4 17. Rxf4 Qg5 18. Qf2 Rae8 19. Re1 Rxe1+ 20. Qxe1 Re8
21. Qf2 f5 22. d4 c4 23. Bf1 b5 24. b3 cxb3 25. axb3 g6 26. c4 Qe7 27. c5 Qe3
28. c6 Bc8 29. Rf3 Qxf2+ 30. Kxf2 b4 31. Rd3 Re7 32. Rd2 a5 33. Rc2 Rc7 34. Kf3
g5 35. Bd3 h6 36. Re2 Kf7 37. Kf2 Kf6 38. Re1 Re7 39. Rxe7 Kxe7 40. Kf3 Kf6 41.
Bb5 Ke7 42. h3 Kd8 43. h4 Ke7 44. Ke3 Kf6 45. Ba4 Ke7 46. Bb5 Kf6 47. Be2 Kg6
48. Kf2 Kf6 49. Kf3 Kg6 50. Bd3 h5 51. Bc2 Kf6 52. Kf2 Kg6 53. hxg5 Kxg5 54.
Kf3 Ba6 55. Bd1 Bc8 56. Be2 Kf6 57. Kf4 Kg6 58. Bb5 Kf6 59. c7 Bb7 60. Bd7 Ke7
61. Bxf5 1-0

[Event "Open Est 2016-2017"]
[Site "Aubagne"]
[Date "2017.03.25"]
[Round "8.6"]
[White "Borrini, Rodrigue"]
[Black "Ghazarian, David"]
[Result "0-1"]
[WhiteElo "1274"]
[BlackElo "1486"]
[PlyCount "132"]
[EventDate "2016.??.??"]
[WhiteTeam "L'Echiquier du Roy René"]
[BlackTeam "Cercle d'Echecs Aubagnais"]

1. d4 Nf6 2. Nf3 e6 3. e3 Nc6 4. a3 d5 5. Bd3 Be7 6. O-O O-O 7. b3 Re8 8. Bb2
Bd6 9. Nbd2 e5 10. dxe5 Nxe5 11. Nxe5 Bxe5 12. Bxe5 Rxe5 13. Nf3 Bg4 14. h3
Bxf3 15. Qxf3 Qd6 16. a4 Ne4 17. Rad1 Nc3 18. Rd2 Qb4 19. Qg3 Rae8 20. f4 Rxe3
21. Qh4 g6 22. Rff2 Re1+ 23. Kh2 Rd1 24. Qg4 Rxd2 25. Rxd2 Ne4 26. Re2 Qd6 27.
Kh1 h5 28. Qf3 Nf6 29. Rxe8+ Nxe8 30. f5 Ng7 31. fxg6 fxg6 32. g4 Qe6 33. Qg3
hxg4 34. Qxc7 Qe1+ 35. Kg2 gxh3+ 36. Kxh3 Qh1+ 37. Kg3 Nh5+ 38. Kf2 Qh4+ 39.
Kg2 Qg4+ 40. Kf2 Qf4+ 41. Qxf4 Nxf4 42. Bf1 Kf7 43. Ke3 g5 44. Kf3 Ke6 45. Kg4
Kf6 46. Bb5 Ng2 47. Kf3 Ne1+ 48. Ke3 Nxc2+ 49. Kd3 Nb4+ 50. Kd4 g4 51. a5 g3
52. Bf1 Nc6+ 53. Kxd5 Nxa5 54. b4 Nc6 55. Kc5 Ke5 56. Bg2 Kf5 57. Bd5 Ke5 58.
Bg2 Nd8 59. Bd5 Ne6+ 60. Kc4 b6 61. Bg2 Nf4 62. Bh1 g2 63. Bxg2 Nxg2 64. Kb5
Kd5 65. Ka6 Kc4 66. b5 Ne3 0-1

[Event "Open Est 2016-2017"]
[Site "Aubagne"]
[Date "2017.03.25"]
[Round "8.7"]
[White "Benezra, Ruthy"]
[Black "Gamblin, Vincent"]
[Result "1/2-1/2"]
[WhiteElo "1533"]
[BlackElo "1448"]
[PlyCount "68"]
[EventDate "2016.??.??"]
[WhiteTeam "L'Echiquier du Roy René"]
[BlackTeam "Marseille Echecs"]

1. d4 Nf6 2. c4 e6 3. Nc3 d5 4. Nf3 c6 5. Bg5 h6 6. Bf4 Nbd7 7. cxd5 cxd5 8. e3
a6 9. Bd3 Be7 10. Qc2 Nh5 11. Be5 Nxe5 12. Nxe5 O-O 13. O-O-O Nf6 14. g4 Nd7
15. f4 Nxe5 16. dxe5 Bd7 17. Qf2 Qc7 18. Kb1 Bc6 19. h4 d4 20. Ne4 dxe3 21.
Qxe3 f5 22. exf6 Bxf6 23. Nxf6+ Rxf6 24. Rhf1 Raf8 25. g5 hxg5 26. fxg5 Rxf1
27. Rxf1 Rxf1+ 28. Bxf1 Bd5 29. Bh3 Qc4 30. b3 Be4+ 31. Kb2 Qc2+ 32. Ka3 Qc6
33. h5 Qd6+ 34. Kb2 Qe5+ 1/2-1/2